[Event "Staffordshire Centenary"]
[Site "Walsall"]
[Date "1997.03.28"]
[Round "1"]
[White "Arakhamia-Grant, Ketevan"]
[Black "Arkell, Keith C"]
[Result "1-0"]
[WhiteElo "2490"]
[BlackElo "2545"]
[PlyCount "91"]
[EventDate "1997.03.28"]
[EventType "schev"]
[EventRounds "9"]
[EventCountry "ENG"]
[SourceTitle "BritBase"]
[Source "John Saunders"]
[SourceDate "2023.12.16"]
[SourceVersion "1"]
[SourceVersionDate "2023.12.16"]
[SourceQuality "1"]

1. e4 e6 2. d4 d5 3. Nc3 dxe4 4. Nxe4 Bd7 5. Nf3 Bc6 6. Bd3 Nd7 7. O-O Ngf6 8.
Ng3 Be7 9. b3 O-O 10. Bb2 Bxf3 11. Qxf3 c6 12. Ne2 Qc7 13. c4 c5 14. Qh3 Rfe8
15. Rad1 Rad8 16. d5 exd5 17. cxd5 Bd6 18. f4 h6 19. Qf3 Qa5 20. Bc3 Qa3 21.
Kh1 Re7 22. g4 Rde8 23. Ng3 c4 24. Bxf6 Nxf6 25. Bxc4 g6 26. Bb5 Rc8 27. g5
hxg5 28. fxg5 Nh5 29. Nxh5 gxh5 30. Bd3 Qb2 31. Rf2 Qg7 32. Qxh5 Rc3 33. Bf5
Re5 34. g6 fxg6 35. Qxg6 Qxg6 36. Bxg6 Rg5 37. Bf7+ Kg7 38. Be6 Kg6 39. Bf7+
Kg7 40. Be6 Kg6 41. Rdf1 Re3 42. Rf6+ Kg7 43. Rf7+ Kh8 44. Rc1 Bc5 45. h4 Rg6
46. Bf5 1-0

[Event "Staffordshire Centenary"]
[Site "Walsall"]
[Date "1997.03.28"]
[Round "1"]
[White "Bellin, Robert"]
[Black "Lalic, Bogdan"]
[Result "1/2-1/2"]
[WhiteElo "2400"]
[BlackElo "2585"]
[PlyCount "30"]
[EventDate "1997.03.28"]
[EventType "schev"]
[EventRounds "9"]
[EventCountry "ENG"]
[SourceTitle "BritBase"]
[Source "John Saunders"]
[SourceDate "2023.12.16"]
[SourceVersion "1"]
[SourceVersionDate "2023.12.16"]
[SourceQuality "1"]

1. e4 c5 2. Nf3 d6 3. c3 Nf6 4. Be2 g6 5. O-O Bg7 6. Bb5+ Nc6 7. d4 O-O 8. d5
Ne5 9. Nxe5 dxe5 10. Qc2 e6 11. dxe6 Bxe6 12. Nd2 Qb6 13. Bc4 Rfd8 14. Bxe6
Qxe6 15. Nf3 b6 1/2-1/2

[Event "Staffordshire Centenary"]
[Site "Walsall"]
[Date "1997.03.28"]
[Round "1"]
[White "Buckley, Graeme N"]
[Black "Hunt, Harriet V"]
[Result "1-0"]
[WhiteElo "2320"]
[BlackElo "2330"]
[PlyCount "79"]
[EventDate "1997.03.28"]
[EventType "schev"]
[EventRounds "9"]
[EventCountry "ENG"]
[SourceTitle "BritBase"]
[Source "John Saunders"]
[SourceDate "2023.12.16"]
[SourceVersion "1"]
[SourceVersionDate "2023.12.16"]
[SourceQuality "1"]

1. d4 e6 2. c4 Nf6 3. Nc3 Bb4 4. e3 O-O 5. Bd3 c5 6. Nge2 cxd4 7. exd4 d5 8.
cxd5 Nxd5 9. O-O Nc6 10. a3 Bd6 11. Ne4 Be7 12. Bb1 Re8 13. Qd3 g6 14. Ba2 b6
15. Rd1 Bb7 16. Qg3 Nf6 17. N4c3 Qc8 18. Bh6 Qb8 19. Qh3 Bf8 20. Bg5 Bg7 21.
Qh4 Ne7 22. Bxe6 fxe6 23. Bxf6 Nf5 24. Qg5 Bh6 25. Qg4 Qd6 26. Ng3 Nxg3 27.
hxg3 Qc6 28. Qh3 Bf8 29. Rd3 Rac8 30. Re1 b5 31. Rde3 b4 32. axb4 Bxb4 33. Rxe6
Rxe6 34. Rxe6 Qc4 35. Be5 Ba6 36. Qh6 Bf8 37. Rxg6+ Kf7 38. Qxh7+ Ke8 39. Rf6
Rc6 40. Qg6+ 1-0

[Event "Staffordshire Centenary"]
[Site "Walsall"]
[Date "1997.03.28"]
[Round "1"]
[White "Dunnington, Angus J"]
[Black "Motwani, Paul"]
[Result "1/2-1/2"]
[WhiteElo "2445"]
[BlackElo "2490"]
[PlyCount "21"]
[EventDate "1997.03.28"]
[EventType "schev"]
[EventRounds "9"]
[EventCountry "ENG"]
[SourceTitle "BritBase"]
[Source "John Saunders"]
[SourceDate "2023.12.16"]
[SourceVersion "1"]
[SourceVersionDate "2023.12.16"]
[SourceQuality "1"]

1. Nf3 d5 2. d4 Nf6 3. c4 c6 4. e3 Bf5 5. Bd3 Bg6 6. O-O e6 7. Nc3 Nbd7 8. Re1
Bb4 9. a3 Bxc3 10. bxc3 Qc7 11. a4 1/2-1/2

[Event "Staffordshire Centenary"]
[Site "Walsall"]
[Date "1997.03.28"]
[Round "1"]
[White "Grant, Jonathan"]
[Black "Quinn, Mark"]
[Result "1/2-1/2"]
[WhiteElo "2275"]
[BlackElo "2355"]
[PlyCount "110"]
[EventDate "1997.03.28"]
[EventType "schev"]
[EventRounds "9"]
[EventCountry "ENG"]
[SourceTitle "BritBase"]
[Source "John Saunders"]
[SourceDate "2023.12.16"]
[SourceVersion "1"]
[SourceVersionDate "2023.12.16"]
[SourceQuality "1"]

1. c4 Nf6 2. Nc3 c6 3. e4 e5 4. Nf3 d6 5. d4 Qc7 6. h3 Nbd7 7. Be3 Be7 8. Be2
O-O 9. O-O Re8 10. Rc1 a6 11. b4 exd4 12. Nxd4 Bf8 13. Qc2 c5 14. Nd5 Qd8 15.
bxc5 Nxc5 16. f3 Nxd5 17. cxd5 Bd7 18. Qd2 Be7 19. g4 h6 20. Nb3 Qb8 21. Kg2 b6
22. Nd4 Bf6 23. Bd3 Qb7 24. Rh1 Nxd3 25. Qxd3 Rac8 26. Kg3 Rxc1 27. Rxc1 Rc8
28. Qa3 Rc5 29. Rb1 b5 30. Rb3 g5 31. Nf5 Be5+ 32. f4 gxf4+ 33. Bxf4 Bxf4+ 34.
Kxf4 Bxf5 35. gxf5 Qe7 36. Rg3+ Kh7 37. Qb2 f6 38. Rg6 Rc4 39. Qe2 Qe5+ 40. Kf3
Rc3+ 41. Kg2 Rc4 42. Rg4 Qc3 43. Rf4 Rc7 44. h4 Qc1 45. Rf1 Rg7+ 46. Kh3 Qc3+
47. Qf3 Qb2 48. Rf2 Qa1 49. Re2 Qe5 50. Rg2 Rxg2 51. Qxg2 Qc3+ 52. Kh2 Qe5+ 53.
Kh3 Qc3+ 54. Kh2 Qe5+ 55. Kh3 Qc3+ 1/2-1/2

[Event "Staffordshire Centenary"]
[Site "Walsall"]
[Date "1997.03.28"]
[Round "1"]
[White "Sindik, Ervin"]
[Black "Richardson, John R"]
[Result "1-0"]
[WhiteElo "2325"]
[BlackElo "2360"]
[PlyCount "85"]
[EventDate "1997.03.28"]
[EventType "schev"]
[EventRounds "9"]
[EventCountry "ENG"]
[SourceTitle "BritBase"]
[Source "John Saunders"]
[SourceDate "2023.12.16"]
[SourceVersion "1"]
[SourceVersionDate "2023.12.16"]
[SourceQuality "1"]

1. c4 Nf6 2. Nc3 e6 3. e4 d5 4. e5 d4 5. exf6 dxc3 6. bxc3 Qxf6 7. Nf3 b6 8. d4
Bb7 9. Be2 Qg6 10. O-O Nd7 11. Bf4 Bd6 12. Bg3 Bxg3 13. hxg3 O-O 14. Qa4 Rfd8
15. Rfe1 c5 16. Rad1 Qf6 17. Qc2 cxd4 18. cxd4 g6 19. Qc1 Rac8 20. Qe3 Nb8 21.
Ne5 Nc6 22. Ng4 Qg7 23. d5 exd5 24. cxd5 Nb8 25. d6 h5 26. Ne5 Qf6 27. Bc4 Rf8
28. Qh6 Qg7 29. Qxg6 Qxg6 30. Nxg6 Rxc4 31. Nxf8 Kxf8 32. d7 Nxd7 33. Rxd7 Ba6
34. Rxa7 Ra4 35. Re2 b5 36. Rd2 Kg7 37. Rd6 Bc8 38. Rxa4 bxa4 39. a3 Be6 40. f3
Bb3 41. Kf2 Bc4 42. Ke3 f6 43. Kf4 1-0

[Event "Staffordshire Centenary"]
[Site "Walsall"]
[Date "1997.03.29"]
[Round "2"]
[White "Arkell, Keith C"]
[Black "Buckley, Graeme N"]
[Result "1-0"]
[WhiteElo "2545"]
[BlackElo "2320"]
[PlyCount "73"]
[EventDate "1997.03.28"]
[EventType "schev"]
[EventRounds "9"]
[EventCountry "ENG"]
[SourceTitle "BritBase"]
[Source "John Saunders"]
[SourceDate "2023.12.16"]
[SourceVersion "1"]
[SourceVersionDate "2023.12.16"]
[SourceQuality "1"]

1. d4 f5 2. g3 Nf6 3. Bg2 e6 4. Nf3 d5 5. c4 c6 6. O-O Bd6 7. b3 Qe7 8. a4 a5
9. Ba3 Bxa3 10. Nxa3 b6 11. Ne5 O-O 12. Qc2 Bb7 13. Qb2 Nbd7 14. Rac1 Nxe5 15.
dxe5 Nd7 16. cxd5 exd5 17. f4 Nc5 18. Nc2 Ne4 19. Nd4 Rac8 20. e3 Qb4 21. Bxe4
fxe4 22. f5 Qe7 23. Ne6 Rfe8 24. Rf4 c5 25. Rcf1 Kh8 26. Rg4 g6 27. Ng5 d4 28.
fxg6 h5 29. Nf7+ Kg7 30. Rg5 Rc6 31. exd4 cxd4 32. Qxd4 Re6 33. h4 Rf8 34. Nd6
Rxf1+ 35. Kxf1 Ba6+ 36. Kg2 Qc7 37. Qf2 1-0

[Event "Staffordshire Centenary"]
[Site "Walsall"]
[Date "1997.03.29"]
[Round "2"]
[White "Cooper, Lawrence"]
[Black "Bellin, Robert"]
[Result "1/2-1/2"]
[WhiteElo "2365"]
[BlackElo "2400"]
[PlyCount "32"]
[EventDate "1997.03.28"]
[EventType "schev"]
[EventRounds "9"]
[EventCountry "ENG"]
[SourceTitle "BritBase"]
[Source "John Saunders"]
[SourceDate "2023.12.16"]
[SourceVersion "1"]
[SourceVersionDate "2023.12.16"]
[SourceQuality "1"]

1. e4 c5 2. c3 e6 3. d4 d5 4. exd5 exd5 5. Nf3 Nc6 6. Bb5 Bd6 7. dxc5 Bxc5 8.
O-O Nge7 9. Nbd2 O-O 10. Nb3 Bb6 11. Bd3 h6 12. Re1 Bc7 13. Nfd4 Qd6 14. g3 Qf6
15. Qf3 Qxf3 16. Nxf3 Bg4 1/2-1/2

[Event "Staffordshire Centenary"]
[Site "Walsall"]
[Date "1997.03.29"]
[Round "2"]
[White "Grinsell, Lee A"]
[Black "Anderton, David William"]
[Result "1-0"]
[WhiteElo "2205"]
[BlackElo "2200"]
[PlyCount "183"]
[EventDate "1997.03.28"]
[EventType "schev"]
[EventRounds "9"]
[EventCountry "ENG"]
[SourceTitle "BritBase"]
[Source "John Saunders"]
[SourceDate "2023.12.16"]
[SourceVersion "1"]
[SourceVersionDate "2023.12.16"]
[SourceQuality "1"]

1. e4 e6 2. d4 d5 3. Nc3 Bb4 4. e5 c5 5. a3 Bxc3+ 6. bxc3 Ne7 7. Nf3 Bd7 8. a4
Qa5 9. Bd2 Nbc6 10. Bb5 a6 11. Bxc6 Bxc6 12. O-O h6 13. Qc1 c4 14. h3 O-O-O 15.
Nh2 Nf5 16. Qe1 g5 17. f4 gxf4 18. Ng4 Rdg8 19. Bxf4 Rg6 20. Nf6 h5 21. h4 Ng7
22. Bg5 Ne8 23. Nxe8 Bxe8 24. Rf3 Rh7 25. Qc1 Qc7 26. Qa3 Rg8 27. Rb1 Rhg7 28.
Rbf1 Kb8 29. a5 Ka8 30. Rf6 Rh7 31. R1f2 Ka7 32. Qb4 Ka8 33. Qa3 Ka7 34. Rf1
Ka8 35. R1f2 Ka7 36. R6f4 Rhg7 37. Rf6 Rh7 38. Kh1 Ka8 39. Qb4 Ka7 40. R2f3 Ka8
41. Rh6 Rxh6 42. Bxh6 Qd7 43. Bg5 Qb5 44. Rf6 Qxb4 45. cxb4 Rg6 46. Rf3 Kb8 47.
Kh2 Kc7 48. Kh3 Rg7 49. Ra3 Bb5 50. c3 Kd7 51. g4 hxg4+ 52. Kxg4 Ke8 53. h5 Rh7
54. Ra1 Kf8 55. h6 Be8 56. Ra2 Rh8 57. Rh2 Rh7 58. Bf6 Ba4 59. Bg7+ Rxg7+ 60.
hxg7+ Kxg7 61. Rd2 Kg6 62. Kf4 Kg7 63. Rg2+ Kf8 64. Kg5 Kg7 65. Rd2 Be8 66. Re2
Bb5 67. Kf4 Be8 68. Ke3 Bb5 69. Re1 Be8 70. Kd2 Bb5 71. Kc2 Kg8 72. Kb2 Kg7 73.
Ka3 Kg8 74. Rg1+ Kh7 75. Kb2 Kh8 76. Kc2 Kh7 77. Kd2 Kh8 78. Ke3 Kh7 79. Kf4
Kh8 80. Kg5 Kg7 81. Ra1 Be8 82. b5 Bxb5 83. Rb1 Bc6 84. Rb6 Kf8 85. Kf6 Ke8 86.
Rb1 Bb5 87. Rh1 Kd8 88. Kxf7 Bd7 89. Rb1 Kc7 90. Rb6 Bc8 91. Ke7 Bd7 92. Rxb7+
1-0

[Event "Staffordshire Centenary"]
[Site "Walsall"]
[Date "1997.03.29"]
[Round "2"]
[White "Hunt, Harriet V"]
[Black "Rowson, Jonathan"]
[Result "0-1"]
[WhiteElo "2330"]
[BlackElo "2445"]
[PlyCount "86"]
[EventDate "1997.03.28"]
[EventType "schev"]
[EventRounds "9"]
[EventCountry "ENG"]
[SourceTitle "BritBase"]
[Source "John Saunders"]
[SourceDate "2023.12.16"]
[SourceVersion "1"]
[SourceVersionDate "2023.12.16"]
[SourceQuality "1"]

1. e4 c5 2. Nf3 d6 3. d4 Nf6 4. Nc3 cxd4 5. Nxd4 a6 6. Be2 e5 7. Nb3 Be7 8. O-O
O-O 9. Kh1 Qc7 10. a4 Be6 11. f4 Nbd7 12. Qe1 Rfe8 13. Be3 Bf8 14. f5 Bc4 15.
Nd2 d5 16. Nxc4 dxc4 17. Qh4 Bb4 18. Nd1 Be7 19. Nc3 Bb4 20. Nd1 b5 21. Rf3 Qc6
22. Nf2 Bc5 23. a5 Rad8 24. Rf1 Bxe3 25. Rxe3 Nc5 26. g4 Ncxe4 27. Nxe4 Nxe4
28. Bf3 Qf6 29. Qxf6 Nxf6 30. g5 Nd5 31. Re4 Nb4 32. Re2 e4 33. Bg2 e3 34. Rfe1
Kf8 35. Kg1 Re5 36. Bh3 Rd2 37. Rxe3 Rxe3 38. Rxe3 Nxc2 39. Re4 Nd4 40. Bg4 Nc6
41. g6 hxg6 42. fxg6 fxg6 43. Re6 Nb4 0-1

[Event "Staffordshire Centenary"]
[Site "Walsall"]
[Date "1997.03.29"]
[Round "2"]
[White "Lalic, Bogdan"]
[Black "Arakhamia-Grant, Ketevan"]
[Result "1/2-1/2"]
[WhiteElo "2585"]
[BlackElo "2490"]
[PlyCount "78"]
[EventDate "1997.03.28"]
[EventType "schev"]
[EventRounds "9"]
[EventCountry "ENG"]
[SourceTitle "BritBase"]
[Source "John Saunders"]
[SourceDate "2023.12.16"]
[SourceVersion "1"]
[SourceVersionDate "2023.12.16"]
[SourceQuality "1"]

1. d4 Nf6 2. c4 g6 3. Nc3 Bg7 4. e4 d6 5. f4 O-O 6. Nf3 Na6 7. Bd3 e5 8. fxe5
dxe5 9. d5 c6 10. O-O cxd5 11. cxd5 Ne8 12. Bg5 Qb6+ 13. Kh1 f6 14. Na4 Qd8 15.
Bh4 Nac7 16. Qb3 Nd6 17. Rac1 Qe7 18. Nxe5 Bh6 19. Nc4 b5 20. Nxd6 bxa4 21.
Nxc8 Rfxc8 22. Qc4 Bxc1 23. d6+ Qf7 24. d7 Bxb2 25. dxc8=Q+ Rxc8 26. Qc6 Kg7
27. Bc4 Qf8 28. Bg3 Qd8 29. Qxa4 Ne8 30. Qxa7+ Kh8 31. Bd5 Nd6 32. h3 f5 33.
Qf2 Bg7 34. Qf4 Nxe4 35. Bxe4 Rc4 36. Re1 Ra4 37. Bc6 Rxf4 38. Bxf4 Bf8 39.
Be5+ Kg8 1/2-1/2

[Event "Staffordshire Centenary"]
[Site "Walsall"]
[Date "1997.03.29"]
[Round "2"]
[White "Motwani, Paul"]
[Black "Sindik, Ervin"]
[Result "1/2-1/2"]
[WhiteElo "2490"]
[BlackElo "2325"]
[PlyCount "34"]
[EventDate "1997.03.28"]
[EventType "schev"]
[EventRounds "9"]
[EventCountry "ENG"]
[SourceTitle "BritBase"]
[Source "John Saunders"]
[SourceDate "2023.12.16"]
[SourceVersion "1"]
[SourceVersionDate "2023.12.16"]
[SourceQuality "1"]

1. d4 Nf6 2. Nf3 c5 3. e3 e6 4. c4 d5 5. cxd5 Nxd5 6. Nc3 Nc6 7. Bd3 Be7 8. O-O
O-O 9. Be4 Nf6 10. Bxc6 bxc6 11. Qa4 Qc7 12. dxc5 Bxc5 13. b3 Bd6 14. Ba3 Bb7
15. Bxd6 Qxd6 16. Rfd1 Qc7 17. Qf4 Qxf4 1/2-1/2

[Event "Staffordshire Centenary"]
[Site "Walsall"]
[Date "1997.03.29"]
[Round "2"]
[White "Quinn, Mark"]
[Black "Bellin, Jana"]
[Result "1-0"]
[WhiteElo "2355"]
[BlackElo "2180"]
[PlyCount "75"]
[EventDate "1997.03.28"]
[EventType "schev"]
[EventRounds "9"]
[EventCountry "ENG"]
[SourceTitle "BritBase"]
[Source "John Saunders"]
[SourceDate "2023.12.16"]
[SourceVersion "1"]
[SourceVersionDate "2023.12.16"]
[SourceQuality "1"]

1. d4 Nf6 2. c4 c5 3. d5 e5 4. Nc3 d6 5. e4 Be7 6. Bd3 O-O 7. Bd2 a6 8. a4 Nbd7
9. g4 Ne8 10. Nf3 Rb8 11. Rg1 Nc7 12. a5 b5 13. axb6 Rxb6 14. b3 Re8 15. g5 Nf8
16. h4 Ng6 17. Ne2 Bf8 18. Qc2 Qe7 19. h5 Nf4 20. Nxf4 exf4 21. Bc3 Bf5 22. Nd2
g6 23. h6 a5 24. Bb2 Na6 25. Qc3 f6 26. Rxa5 Nb4 27. Bb1 Ra6 28. Rxa6 Nxa6 29.
Kd1 Bc8 30. Nf3 Qf7 31. gxf6 Bxh6 32. Rh1 Bg4 33. Rxh6 Re5 34. Kd2 Bxf3 35.
Qxf3 Qxf6 36. Qh3 Qg5 37. Bxe5 Qxe5 38. Qe6+ 1-0

[Event "Staffordshire Centenary"]
[Site "Walsall"]
[Date "1997.03.29"]
[Round "2"]
[White "Richardson, John R"]
[Black "Grant, Jonathan"]
[Result "1/2-1/2"]
[WhiteElo "2360"]
[BlackElo "2275"]
[PlyCount "63"]
[EventDate "1997.03.28"]
[EventType "schev"]
[EventRounds "9"]
[EventCountry "ENG"]
[SourceTitle "BritBase"]
[Source "John Saunders"]
[SourceDate "2023.12.16"]
[SourceVersion "1"]
[SourceVersionDate "2023.12.16"]
[SourceQuality "1"]

1. d4 Nf6 2. c4 e6 3. Nc3 Bb4 4. Qc2 c5 5. dxc5 O-O 6. a3 Bxc5 7. Nf3 b6 8. Bf4
Bb7 9. e3 Be7 10. Rd1 a6 11. Be2 d6 12. O-O Qc7 13. Rd2 Nbd7 14. Rfd1 Ne5 15.
Nxe5 dxe5 16. Bg3 Rac8 17. h3 Bc6 18. b4 a5 19. Qb2 axb4 20. axb4 Rfd8 21. Bf1
Ne8 22. Rxd8 Rxd8 23. Rxd8 Bxd8 24. Nb5 Bxb5 25. Bxe5 Bf6 26. Bxf6 Bxc4 27. Be5
Qc6 28. b5 Qd5 29. Bxc4 Qxc4 30. Bd4 f6 31. Bxb6 Nd6 32. Qd4 1/2-1/2

[Event "Staffordshire Centenary"]
[Site "Walsall"]
[Date "1997.03.30"]
[Round "3"]
[White "Anderton, David William"]
[Black "Hunt, Harriet V"]
[Result "1/2-1/2"]
[WhiteElo "2200"]
[BlackElo "2330"]
[PlyCount "55"]
[EventDate "1997.03.28"]
[EventType "schev"]
[EventRounds "9"]
[EventCountry "ENG"]
[SourceTitle "BritBase"]
[Source "John Saunders"]
[SourceDate "2023.12.16"]
[SourceVersion "1"]
[SourceVersionDate "2023.12.16"]
[SourceQuality "1"]

1. d4 Nf6 2. c4 e6 3. Nc3 Bb4 4. e3 b6 5. Nge2 Ba6 6. Ng3 O-O 7. Bd3 d5 8. cxd5
Bxd3 9. Qxd3 exd5 10. a3 Bd6 11. Nf5 Re8 12. Nxd6 Qxd6 13. f3 c6 14. O-O Nbd7
15. Bd2 Rad8 16. Be1 c5 17. Bg3 Qc6 18. Rfe1 h6 19. Rad1 c4 20. Qf5 b5 21. e4
Nb6 22. Bh4 g5 23. Bxg5 hxg5 24. Qxg5+ Kh7 25. Qf5+ Kg7 26. Qg5+ Kh7 27. Qf5+
Kg7 28. Qg5+ 1/2-1/2

[Event "Staffordshire Centenary"]
[Site "Walsall"]
[Date "1997.03.30"]
[Round "3"]
[White "Bellin, Jana"]
[Black "Richardson, John R"]
[Result "1-0"]
[WhiteElo "2180"]
[BlackElo "2360"]
[PlyCount "73"]
[EventDate "1997.03.28"]
[EventType "schev"]
[EventRounds "9"]
[EventCountry "ENG"]
[SourceTitle "BritBase"]
[Source "John Saunders"]
[SourceDate "2023.12.16"]
[SourceVersion "1"]
[SourceVersionDate "2023.12.16"]
[SourceQuality "1"]

1. d4 Nf6 2. c4 e6 3. Nf3 d5 4. cxd5 exd5 5. Nc3 Bb4 6. Bg5 h6 7. Bh4 c5 8. e3
Nbd7 9. Rc1 Qa5 10. Qc2 Qxa2 11. Bxf6 Nxf6 12. Bb5+ Ke7 13. O-O Qa5 14. Be2
Bxc3 15. bxc3 Rd8 16. c4 dxc4 17. Bxc4 cxd4 18. exd4 Kf8 19. Qb3 Nd5 20. Ra1
Qb4 21. Bxd5 Qxb3 22. Bxb3 b5 23. Ra5 a6 24. Rc1 Bb7 25. Rc7 Rac8 26. Rxf7+ Ke8
27. h3 Rd7 28. Rf4 Rc3 29. Be6 Rd6 30. d5 Rb6 31. Ne5 b4 32. d6 Rxd6 33. Bf7+
Kd8 34. Rxb4 Rc1+ 35. Kh2 Bc8 36. Bc4 Rc2 37. Nf7+ 1-0

[Event "Staffordshire Centenary"]
[Site "Walsall"]
[Date "1997.03.30"]
[Round "3"]
[White "Buckley, Graeme N"]
[Black "Lalic, Bogdan"]
[Result "0-1"]
[WhiteElo "2320"]
[BlackElo "2585"]
[PlyCount "70"]
[EventDate "1997.03.28"]
[EventType "schev"]
[EventRounds "9"]
[EventCountry "ENG"]
[SourceTitle "BritBase"]
[Source "John Saunders"]
[SourceDate "2023.12.16"]
[SourceVersion "1"]
[SourceVersionDate "2023.12.16"]
[SourceQuality "1"]

1. d4 Nf6 2. c4 g6 3. Nc3 d5 4. Nf3 Bg7 5. Bg5 Ne4 6. cxd5 Nxg5 7. Nxg5 e6 8.
Nf3 exd5 9. b4 Qd6 10. Qb3 Nc6 11. Rb1 a5 12. bxa5 Rxa5 13. e3 O-O 14. Be2 Bf5
15. Rc1 Qb4 16. Nd2 Ra3 17. Qxb4 Nxb4 18. Ndb1 Nxa2 19. Nxa3 Nxc1 20. Nxd5 Ra8
21. Ne7+ Kf8 22. Nxf5 Rxa3 23. Nxg7 Ra2 24. Bc4 Nd3+ 25. Bxd3 Ra1+ 26. Kd2 Rxh1
27. Nf5 gxf5 28. Bxf5 Rxh2 29. Be4 b6 30. f4 h5 31. Kd3 f5 32. Bf3 h4 33. e4 h3
34. gxh3 Rxh3 35. Ke3 b5 0-1

[Event "Staffordshire Centenary"]
[Site "Walsall"]
[Date "1997.03.30"]
[Round "3"]
[White "Dunnington, Angus J"]
[Black "Grinsell, Lee A"]
[Result "1-0"]
[WhiteElo "2445"]
[BlackElo "2205"]
[PlyCount "69"]
[EventDate "1997.03.28"]
[EventType "schev"]
[EventRounds "9"]
[EventCountry "ENG"]
[SourceTitle "BritBase"]
[Source "John Saunders"]
[SourceDate "2023.12.16"]
[SourceVersion "1"]
[SourceVersionDate "2023.12.16"]
[SourceQuality "1"]

1. Nf3 Nf6 2. g3 g6 3. b3 Bg7 4. Bb2 d6 5. d4 O-O 6. Bg2 Nbd7 7. O-O Ne4 8.
Nfd2 Nxd2 9. Qxd2 e5 10. dxe5 Nxe5 11. c4 a5 12. f4 Nc6 13. Bxg7 Kxg7 14. Nc3
f5 15. Rad1 Be6 16. Rfe1 Rb8 17. e4 fxe4 18. Nxe4 Bf5 19. Qc3+ Kg8 20. Ng5 Qf6
21. Bd5+ Kh8 22. Qxf6+ Rxf6 23. Bxc6 bxc6 24. Re7 h5 25. Rxc7 Re8 26. Kf2 Bg4
27. Re1 Rxe1 28. Kxe1 d5 29. c5 Kg8 30. Kd2 Bf5 31. Nf3 Be4 32. Nd4 g5 33. Rxc6
Rf7 34. Rc8+ Kh7 35. Nc6 1-0

[Event "Staffordshire Centenary"]
[Site "Walsall"]
[Date "1997.03.30"]
[Round "3"]
[White "Grant, Jonathan"]
[Black "Motwani, Paul"]
[Result "0-1"]
[WhiteElo "2275"]
[BlackElo "2490"]
[PlyCount "84"]
[EventDate "1997.03.28"]
[EventType "schev"]
[EventRounds "9"]
[EventCountry "ENG"]
[SourceTitle "BritBase"]
[Source "John Saunders"]
[SourceDate "2023.12.16"]
[SourceVersion "1"]
[SourceVersionDate "2023.12.16"]
[SourceQuality "1"]

1. c4 e5 2. Nc3 Nf6 3. Nf3 Nc6 4. g3 d5 5. cxd5 Nxd5 6. Bg2 Nb6 7. O-O Be7 8.
Rb1 O-O 9. b4 Bf5 10. b5 Nd4 11. d3 Nxf3+ 12. Bxf3 Rb8 13. Be3 Bh3 14. Re1 f5
15. Qb3+ Kh8 16. Na4 Bd6 17. Rec1 f4 18. Bc5 fxg3 19. hxg3 Rxf3 20. exf3 Qf6
21. f4 exf4 22. Bxd6 fxg3 23. fxg3 Qxd6 24. Kh2 Qh6 25. Kg1 Qe3+ 26. Kh2 Be6
27. Qc2 Nxa4 28. Re1 Qh6+ 29. Kg1 Bd5 30. Qh2 Qd6 31. Qh4 Nc5 32. d4 Ne6 33.
Rbd1 h6 34. Rd2 Ng5 35. Rf2 Nf3+ 36. Rxf3 Bxf3 37. Re5 Rf8 38. a4 Qg6 39. Qe7
Qxg3+ 40. Kf1 Be2+ 41. Kxe2 Rf2+ 42. Kd1 Qd3+ 0-1

[Event "Staffordshire Centenary"]
[Site "Walsall"]
[Date "1997.03.30"]
[Round "3"]
[White "Sindik, Ervin"]
[Black "Kelly, Brian R"]
[Result "1/2-1/2"]
[WhiteElo "2325"]
[BlackElo "2400"]
[PlyCount "58"]
[EventDate "1997.03.28"]
[EventType "schev"]
[EventRounds "9"]
[EventCountry "ENG"]
[SourceTitle "BritBase"]
[Source "John Saunders"]
[SourceDate "2023.12.16"]
[SourceVersion "1"]
[SourceVersionDate "2023.12.16"]
[SourceQuality "1"]

1. e4 c5 2. Nf3 e6 3. d4 cxd4 4. Nxd4 Nf6 5. Nc3 d6 6. Be3 a6 7. Qd2 b5 8. f3
Nbd7 9. g4 h6 10. O-O-O Bb7 11. a3 Ne5 12. h4 Nfd7 13. Rg1 Nb6 14. g5 hxg5 15.
hxg5 g6 16. f4 Nec4 17. Qf2 Qc7 18. f5 gxf5 19. exf5 e5 20. Nb3 Nxe3 21. Qxe3
O-O-O 22. Na5 Ba8 23. Bxb5 axb5 24. Nxb5 Qc5 25. Na7+ Kc7 26. Qxc5+ dxc5 27.
Nb5+ Kc8 28. Na7+ Kc7 29. Nb5+ Kc8 1/2-1/2

[Event "Staffordshire Centenary"]
[Site "Walsall"]
[Date "1997.03.31"]
[Round "4"]
[White "Arkell, Keith C"]
[Black "Anderton, David William"]
[Result "1-0"]
[WhiteElo "2545"]
[BlackElo "2200"]
[PlyCount "77"]
[EventDate "1997.03.28"]
[EventType "schev"]
[EventRounds "9"]
[EventCountry "ENG"]
[SourceTitle "BritBase"]
[Source "John Saunders"]
[SourceDate "2023.12.16"]
[SourceVersion "1"]
[SourceVersionDate "2023.12.16"]
[SourceQuality "1"]

1. d4 f5 2. c4 Nf6 3. e3 g6 4. Nc3 Bg7 5. Bd3 d6 6. Nf3 c6 7. O-O O-O 8. d5 Na6
9. Rb1 e5 10. dxe6 Nc5 11. Be2 a5 12. Qc2 Kh8 13. b3 Bxe6 14. Bb2 Qe7 15. Rfd1
Rad8 16. a3 Bc8 17. b4 axb4 18. axb4 Nce4 19. h3 Nxc3 20. Bxc3 Ne4 21. Bxg7+
Qxg7 22. Rb3 Qf6 23. b5 cxb5 24. cxb5 Be6 25. Rb4 Rc8 26. Qb2 Qxb2 27. Rxb2 Rc5
28. Nd4 Bc4 29. Bxc4 Rxc4 30. Ra1 Rfc8 31. Ra7 Rc1+ 32. Kh2 Rd1 33. f3 Nc5 34.
Ra3 f4 35. Re2 Nd3 36. Ne6 Nc1 37. Rc2 Re8 38. Nxf4 Re1 39. h4 1-0

[Event "Staffordshire Centenary"]
[Site "Walsall"]
[Date "1997.03.31"]
[Round "4"]
[White "Cooper, Lawrence"]
[Black "Buckley, Graeme N"]
[Result "0-1"]
[WhiteElo "2365"]
[BlackElo "2320"]
[PlyCount "56"]
[EventDate "1997.03.28"]
[EventType "schev"]
[EventRounds "9"]
[EventCountry "ENG"]
[SourceTitle "BritBase"]
[Source "John Saunders"]
[SourceDate "2023.12.16"]
[SourceVersion "1"]
[SourceVersionDate "2023.12.16"]
[SourceQuality "1"]

1. e4 c5 2. c3 e6 3. Nf3 d5 4. exd5 exd5 5. d4 Nc6 6. Bb5 Bd6 7. dxc5 Bxc5 8.
O-O Nge7 9. Nbd2 O-O 10. Nb3 Bb6 11. Nfd4 Ne5 12. Re1 N7g6 13. Bf1 Bg4 14. f3
Bd7 15. Be3 Qh4 16. Bf2 Qh5 17. Bg3 Rfe8 18. Nd2 Re7 19. Kh1 Rae8 20. Qc2 Qg5
21. Rad1 h5 22. Bf2 h4 23. Qb3 Nf4 24. Be3 Ned3 25. Bxf4 Nf2+ 26. Kg1 Qxf4 27.
Rxe7 Rxe7 28. Nb1 Qe3 0-1